<?xml version="1.0" encoding="UTF-8"?>
<record
    xmlns:xsi="http://www.w3.org/2001/XMLSchema-instance"
    xsi:schemaLocation="http://www.loc.gov/MARC21/slim http://www.loc.gov/standards/marcxml/schema/MARC21slim.xsd"
    xmlns="http://www.loc.gov/MARC21/slim">

  <leader>00657nam a22001577a 4500</leader>
  <controlfield tag="003">OSt</controlfield>
  <controlfield tag="005">20150913095643.0</controlfield>
  <controlfield tag="008">150913b        xxu||||| |||| 00| 0 eng d</controlfield>
  <datafield tag="040" ind1=" " ind2=" ">
    <subfield code="c">RUA</subfield>
  </datafield>
  <datafield tag="082" ind1=" " ind2=" ">
    <subfield code="a">AGR &#x1783;&#x17BB;&#x1793;&#x200B; 1996 B016 Or.1</subfield>
  </datafield>
  <datafield tag="100" ind1=" " ind2=" ">
    <subfield code="9">366</subfield>
    <subfield code="a">&#x1783;&#x17BB;&#x1793;&#x1780;&#x1780;&#x17D2;&#x1780;&#x178A;&#x17B6;</subfield>
  </datafield>
  <datafield tag="245" ind1=" " ind2=" ">
    <subfield code="a">Programme to inspect the latex tapping techniques in boeung ket rubber plantation company &#x1780;&#x1798;&#x17D2;&#x1798;&#x179C;&#x17B7;&#x1792;&#x17B8;&#x178F;&#x17D2;&#x179A;&#x17BD;&#x178F;&#x1796;&#x17B7;&#x1793;&#x17B7;&#x178F;&#x17D2;&#x1799;&#x1794;&#x1785;&#x17D2;&#x1785;&#x17C1;&#x1780;&#x1791;&#x17C1;&#x179F;&#x1785;&#x17C0;&#x179A;&#x1787;&#x17D0;&#x179A;&#x1793;&#x17C5;&#x1780;&#x17D2;&#x179A;&#x17BB;&#x1798;&#x17A0;&#x17CA;&#x17BB;&#x1793;&#x1785;&#x17C6;&#x1780;&#x17B6;&#x179A;&#x1780;&#x17C5;&#x179F;&#x17CA;&#x17BC;&#x1794;&#x17B9;&#x1784;&#x1780;&#x17C1;&#x178F;</subfield>
  </datafield>
  <datafield tag="260" ind1=" " ind2=" ">
    <subfield code="a">Phnom Penh</subfield>
    <subfield code="b">RUA</subfield>
    <subfield code="c">1996</subfield>
  </datafield>
  <datafield tag="300" ind1=" " ind2=" ">
    <subfield code="a">126p.</subfield>
    <subfield code="b">ill.</subfield>
    <subfield code="c">29cm.</subfield>
  </datafield>
  <datafield tag="942" ind1=" " ind2=" ">
    <subfield code="2">ddc</subfield>
    <subfield code="c">AGR</subfield>
  </datafield>
  <datafield tag="999" ind1=" " ind2=" ">
    <subfield code="c">346</subfield>
    <subfield code="d">346</subfield>
  </datafield>
  <datafield tag="952" ind1=" " ind2=" ">
    <subfield code="0">0</subfield>
    <subfield code="1">0</subfield>
    <subfield code="2">ddc</subfield>
    <subfield code="4">0</subfield>
    <subfield code="6">AGR_&#x1783;&#x17BB;&#x1793;_1996_000000000000000_B016_OR_1</subfield>
    <subfield code="7">0</subfield>
    <subfield code="9">1611</subfield>
    <subfield code="a">LBB</subfield>
    <subfield code="b">LBB</subfield>
    <subfield code="d">2015-09-13</subfield>
    <subfield code="o">AGR &#x1783;&#x17BB;&#x1793;&#x200B; 1996 B016 Or.1</subfield>
    <subfield code="p">RUA003682</subfield>
    <subfield code="r">2015-09-13</subfield>
    <subfield code="w">2015-09-13</subfield>
    <subfield code="y">AGR</subfield>
  </datafield>
  <datafield tag="952" ind1=" " ind2=" ">
    <subfield code="0">0</subfield>
    <subfield code="1">0</subfield>
    <subfield code="2">ddc</subfield>
    <subfield code="4">0</subfield>
    <subfield code="6">AGR_&#x1783;&#x17BB;&#x1793;_1996_000000000000000_B016_OR_2</subfield>
    <subfield code="7">0</subfield>
    <subfield code="9">1612</subfield>
    <subfield code="a">LBB</subfield>
    <subfield code="b">LBB</subfield>
    <subfield code="d">2015-09-13</subfield>
    <subfield code="o">AGR &#x1783;&#x17BB;&#x1793;&#x200B; 1996 B016 Or.2</subfield>
    <subfield code="p">RUA003892</subfield>
    <subfield code="r">2015-09-13</subfield>
    <subfield code="w">2015-09-13</subfield>
    <subfield code="y">AGR</subfield>
  </datafield>
  <datafield tag="952" ind1=" " ind2=" ">
    <subfield code="0">0</subfield>
    <subfield code="1">0</subfield>
    <subfield code="2">ddc</subfield>
    <subfield code="4">0</subfield>
    <subfield code="6">AGR_&#x1783;&#x17BB;&#x1793;_1996_000000000000000_B016_OR_3</subfield>
    <subfield code="7">0</subfield>
    <subfield code="9">1613</subfield>
    <subfield code="a">LBB</subfield>
    <subfield code="b">LBB</subfield>
    <subfield code="d">2015-09-13</subfield>
    <subfield code="o">AGR &#x1783;&#x17BB;&#x1793;&#x200B; 1996 B016 Or.3</subfield>
    <subfield code="p">RUA008259</subfield>
    <subfield code="r">2015-09-13</subfield>
    <subfield code="w">2015-09-13</subfield>
    <subfield code="y">AGR</subfield>
  </datafield>
  <datafield tag="952" ind1=" " ind2=" ">
    <subfield code="0">0</subfield>
    <subfield code="1">0</subfield>
    <subfield code="2">ddc</subfield>
    <subfield code="4">0</subfield>
    <subfield code="6">AGR_&#x1783;&#x17BB;&#x1793;_1996_000000000000000_B016_OR_4</subfield>
    <subfield code="7">0</subfield>
    <subfield code="9">1614</subfield>
    <subfield code="a">LBB</subfield>
    <subfield code="b">LBB</subfield>
    <subfield code="d">2015-09-13</subfield>
    <subfield code="o">AGR &#x1783;&#x17BB;&#x1793;&#x200B; 1996 B016 Or.4</subfield>
    <subfield code="p">RUA008071</subfield>
    <subfield code="r">2015-09-13</subfield>
    <subfield code="w">2015-09-13</subfield>
    <subfield code="y">AGR</subfield>
  </datafield>
</record>
